| 000 | 01067nam a2200289Ia 4500 | ||
|---|---|---|---|
| 003 | OSt | ||
| 005 | 20221005111531.0 | ||
| 006 | a|||||r|||| 00| 0 | ||
| 007 | ta | ||
| 008 | 221004b |||||||| |||| 00| 0 hin d | ||
| 020 |
_a8126006638 (hbk) _cIndian Rupees 300 |
||
| 024 | _a41090 | ||
| 037 |
_bGift, 09/01/2019, _cTextual |
||
| 040 |
_aCRL _cCRL _bhin |
||
| 041 |
_2hin _ahin |
||
| 082 | _aO152,3M80x, N4;Q0 | ||
| 100 | _aवर्मा, निर्मल, ले. | ||
| 245 | 0 |
_aप्रेमचन्द _b रचना संचयन |
|
| 246 | _aPremachanda: rachanā sanchayana | ||
| 250 | _aसंशोधित संस्करण | ||
| 260 |
_aनई दिल्ली _bसाहित्य अकादेमी भारत _c2010 |
||
| 300 |
_a1051पृ0 _ccm. |
||
| 650 | _a हिन्दी साहित्य | ||
| 650 | _aहिन्दी कहानी | ||
| 942 |
_hO152,3M80x, N4;Q0 _cTEXL _2cc |
||
| 999 |
_c1022110 _d1022110 |
||